00442nam a2200145 a 450000100060000000300090000600800410001504000280005608200150008410000390009924500700013826000610020830000100026965000170027912291CO-ViMGA141112s2004 ck r 000 u spa d aCO-ViMGAbspacCO-ViMGA04a615.8 K56f1 aKnott ; Margaret, Voss Dorothy e, 10aFacilitación Neuromuscular Propioceptiva : bpatrones yTecnicas aBuenos Aires : bEditorial Medica panAméricana, c1978 a413p.14aFISIOTERAPIA